| 000 | 00973nam a22002537a 4500 | ||
|---|---|---|---|
| 001 | 81841 | ||
| 003 | BD-RjUL | ||
| 005 | 20231109095859.0 | ||
| 008 | 230903s2012 bg a|||| m||| 00| 0 eng d | ||
| 035 | _a(BD-RjUL)81841 | ||
| 040 |
_aBD-RjUL _beng _cBD-RjUL _dBD-RjUL |
||
| 041 | _aeng | ||
| 082 |
_223 _a546.24 _bYUC 2012 |
||
| 100 |
_aYusuf, Nahid _98761 |
||
| 245 | 1 | 0 |
_aCervical cancer screening by simple visual inspection after acetic acid / _cSubmitted By Nahid Yusuf ; _6Supervisor : Jahan Ara Khanam & Hasina Akhter |
| 260 |
_aRajshahi : _bInstitute of Biological Sciences, University of Rajshahi, _c2012 |
||
| 300 |
_avi, 139 leaves : _bill, ; _c29.cm. |
||
| 502 | _aThesis (Ph. D.) -- Institute of Biological Sciences, University of Rajshahi, 2012 | ||
| 504 | _aReferences : Leaves 135 - 138 | ||
| 650 |
_aAcids _vInorganic chemistry _98762 |
||
| 700 |
_aKhanam, Jahan, Ara, Supervisor _98763 |
||
| 700 |
_aAkhter, Hasina, Supervisor _98764 |
||
| 942 |
_2ddc _cTHE |
||
| 999 |
_c81841 _d81841 |
||